MARC

LEADER 00000nam0a2200000 4500
001 131645
005 20260425071717.0
035 |a (RuTPU)RU\TPU\book\142575 
090 |a 131645 
100 |a 20080220d1980 km y0rusy50 ca 
101 0 |a rus 
102 |a TJ 
105 |a y z 001zy 
200 1 |a Вопросы истории национально-освободительного движения в ленинском наследии  |f П. У. Хамдамов 
210 |a Ташкент  |c Узбекистан  |d 1980 
215 |a 259 с. 
320 |a Библиография в ссылках 
606 |7 ca  |8 rus  |a Ленин В. И.  |x Жизнь и деятельность  |9 89215 
606 1 |a Национально-освободительное движение  |z 20 в.  |2 stltpush  |3 (RuTPU)RU\TPU\subj\45205  |9 64462 
610 1 |a ленинская концепция 
610 1 |a национальный вопрос 
610 1 |a наследие 
610 1 |a методология 
610 1 |a революционное движение 
610 1 |a интернационализм 
610 1 |a национальные районы 
686 |a Т3(2)6-8Ленин35  |2 rubbk 
686 |a Ф5(0)  |2 rubbk 
700 1 |a Хамдамов  |b П. У.  |g Пулат Усманович 
801 1 |a RU  |b 63413507  |c 20080220  |g PSBO 
801 2 |a RU  |b 63413507  |c 20210426  |g PSBO 
942 |c BK